№ 1/2; Известия Академии Наук СССР. Отделение технических наук

Dettagli Bibliografici
Parent link:Известия Академии Наук СССР. Отделение технических наук: научный журнал/ Академия наук СССР (АН СССР). № 1/2.— , 1937-1958
Lingua:russo
Pubblicazione: 1945
Natura: MixedMaterials Libro
KOHA link:https://koha.lib.tpu.ru/cgi-bin/koha/opac-detail.pl?biblionumber=502410

MARC

LEADER 00000nam2a2200000 4500
001 502410
005 20231101102343.0
035 |a (RuTPU)RU\TPU\prd\172931 
035 |a RU\TPU\prd\172923 
090 |a 502410 
100 |a 20130328b1945 k y0rusy50 ca 
101 0 |a rus 
102 |a RU 
200 0 |a № 1/2 
210 |d 1945 
461 1 |0 (RuTPU)RU\TPU\prd\762  |t Известия Академии Наук СССР. Отделение технических наук  |o научный журнал  |f Академия наук СССР (АН СССР)  |v № 1/2  |d 1937-1958 
801 0 |a RU  |b 63413507  |c 20010227  |g PSBO 
801 1 |a RU  |b 63413507  |c 20130327 
801 2 |a RU  |b 63413507  |c 20130328  |g RCR 
942 |c BK 
999 |a НТБ_ТПУ  |b НФ  |e -4/20130109  |p П-701г  |u 0,00  |v 1  |x 4918